Famous people who died in aviation accidents #2 - Statistics

General Stats
  • This quiz has been taken 24 times
  • The average score is 3 of 16
Answer Stats
Picture Answer % Correct
Jim Croce
50%
Payne Stewart
50%
Ronnie van Zant
41%
Roald Amundsen
36%
Ricky Nelson
27%
Audie Murphy
18%
Graham Hill
18%
James Horner
18%
Duncan Edwards
9%
Jim Reeves
9%
Emiliano Sala
5%
Cecilia of Greece
0%
Grace Moore
0%
Gustaf Adolf
0%
Marcel Cerdan
0%
Maria Radner
0%
No matching quizzes found
Score Distribution
Percent of People with Each Score
Percentile by Number Answered
Your Score History
You have not taken this quiz